'Be'ginning Geography Blitz Quiz Stats

 Plays Quiz Updated Sep 15, 2017

Score 0/10 Timer 01:00
24 Plays Today
country/capital % Correct
Belgium
79.2%
Benin
74.4%
Belize
67.2%
Belarus
58.6%
Berlin, Germany
50.8%
Beijing, China
48.4%
Belmopan, Belize
37.8%
Beirut, Lebanon
33.9%
Bern, Switzerland
33.9%
Belgrade, Serbia
31.6%

You're not logged in!

Compare scores with friends on all Sporcle quizzes.
OR
Log In

You Might Also Like...

Show Comments

Extras

Top Quizzes Today


Score Distribution

Your Account Isn't Verified!

In order to create a playlist on Sporcle, you need to verify the email address you used during registration. Go to your Sporcle Settings to finish the process.

Report this User

Report this user for behavior that violates our Community Guidelines.

Details: